5HLuxD.jpg

KING HENRY VIII SENIOR AND PRIMARY SCHOOL LIBRARY OPAC

ROALD DAHL BILLY AND THE MINPINS (Record no. 5635)

000 -LEADER
fixed length control field 00936nam a22002777a 4500
005 - DATE AND TIME OF LATEST TRANSACTION
control field 20251010155007.0
008 - FIXED-LENGTH DATA ELEMENTS--GENERAL INFORMATION
fixed length control field 251010b ||||| |||| 00| 0 eng d
020 ## - INTERNATIONAL STANDARD BOOK NUMBER
International Standard Book Number 9780241377284
040 ## - CATALOGING SOURCE
Transcribing agency KH8
082 ## - DEWEY DECIMAL CLASSIFICATION NUMBER
Classification number 823.914 DAH
100 ## - MAIN ENTRY--PERSONAL NAME
Personal name DAHL,ROALD
Relator term AUTHOR
245 ## - TITLE STATEMENT
Title ROALD DAHL BILLY AND THE MINPINS
260 ## - PUBLICATION, DISTRIBUTION, ETC.
Name of publisher, distributor, etc. 80 Strand,London WC2R 0RL
300 ## - PHYSICAL DESCRIPTION
Extent 93 PAGES
Other physical details b illustration
Dimensions 18cm x 13cm
500 ## - GENERAL NOTE
General note Illustrated by Quentin Blake for the first time.
520 ## - SUMMARY, ETC.
Summary, etc. 'THAT WOOD', HIS MOTHER SAID 'IS FULL OF THE MOST BLOODTHIRSTY WILD BEASTS IN THE WORLD.'
521 ## - TARGET AUDIENCE NOTE
Target audience note Ages 8-11 years old.
650 ## - SUBJECT ADDED ENTRY--TOPICAL TERM
Source of heading or term Imaginary societies
Topical term or geographic name entry element Juvenile fiction
650 ## - SUBJECT ADDED ENTRY--TOPICAL TERM
Source of heading or term Boys
Topical term or geographic name entry element Juvenile fiction
650 ## - SUBJECT ADDED ENTRY--TOPICAL TERM
Source of heading or term Imagination
Topical term or geographic name entry element Juvenile fiction
650 ## - SUBJECT ADDED ENTRY--TOPICAL TERM
Source of heading or term Magic
Topical term or geographic name entry element Juvenile fiction
650 ## - SUBJECT ADDED ENTRY--TOPICAL TERM
Source of heading or term Monsters
Topical term or geographic name entry element Juvenile fiction
655 ## - INDEX TERM--GENRE/FORM
Genre/form data or focus term Fantasy fiction
700 ## - ADDED ENTRY--PERSONAL NAME
Personal name Blake,Quentin
Relator term Illustrator
942 ## - ADDED ENTRY ELEMENTS (KOHA)
Source of classification or shelving scheme
Koha item type Books - Non Ficton
Holdings
Withdrawn status Lost status Source of classification or shelving scheme Damaged status Not for loan Collection code Permanent Location Current Location Shelving location Date acquired Total Checkouts Full call number Barcode Date last seen Date last checked out Price effective from Koha item type Public note
          Fiction KH8 Primary School Library KH8 Primary School Library Fiction 2025-10-10 1 823.914 DAH KHPL000007280 2025-12-08 2025-11-24 2025-10-10 Books - Non Ficton PRIMARY LIBRARY

Powered By KH8 IT Dept